Obligatory liability insurance for new trade groups in Polish insurance market

Salvato in:
Dettagli Bibliografici
Autore principale: Kozyra, Przemysław
Altri autori: Rembielak-Vitchev, Grażyna, Rutkowska, Małgorzata
Natura: Capitolo di libro
Lingua:inglese
Tags: Aggiungi Tag
Nessun Tag, puoi essere il primo ad aggiungerne!!

MARC

LEADER 00000naa$a2200000$$$4500
001 0151436
005 20220810090529.6
041 0 |a eng 
044 |a CZ 
245 1 0 |a Obligatory liability insurance for new trade groups in Polish insurance market  |c Przemysław Kozyra, Grażyna Rembielak-Vitchev, Małgorzata Rutkowska 
100 1 |a Kozyra, Przemysław 
700 1 |a Rembielak-Vitchev, Grażyna 
700 1 |a Rutkowska, Małgorzata